header

Sex cells (Record no. 120655)

MARC details
000 -LEADER
fixed length control field 01366nam a2200337Ia 4500
082 04 - DEWEY DECIMAL CLASSIFICATION NUMBER
Classification number 381/.45618178
100 1# - MAIN ENTRY--AUTHOR NAME
Personal name Almeling, Rene,
245 10 - TITLE STATEMENT
Title Sex cells
260 ## - PUBLICATION, DISTRIBUTION, ETC. (IMPRINT)
Place of publication Berkeley :
Name of publisher University of California Press,
Year of publication 2011.
300 ## - PHYSICAL DESCRIPTION
Number of Pages x, 228 p.
650 #0 - SUBJECT ADDED ENTRY--TOPICAL TERM
Topical Term Artificial insemination, Human
Topical Term Artificial insemination, Human
Topical Term Infertility
Topical Term Surrogate motherhood
856 40 - ELECTRONIC LOCATION AND ACCESS
Uniform Resource Identifier http://site.ebrary.com/lib/rucke/Doc?id=10484235

No items available.

© 2026 Rongo University
Contact us: librarian | system librarian | Rongo university